Statistiques concernant Films se déroulant à Rio de Janeiro par images

Cliquez ici pour prendre le quiz!

Statistiques générales

  • Ce quiz a été pris 52 fois
  • Le résultat moyen est 6 sur 16

Statistiques - réponses

Réponse% Correct
Rio
90%
OSS 117 : Rio ne répond plus
88%
Godzilla x Kong : Le Nouvel Empire
84%
Les Pingouins de Madagascar
82%
Twilight, chapitre IV : Révélation, 1re partie
80%
Fast and Furious 5
52%
Moonraker
36%
La Cité de Dieu
32%
L'Homme de Rio
26%
Le Retour du Grand Blond
24%
Les Enchaînés
10%
Central do Brasil
6%
L'Incroyable Hulk
6%
Saludos Amigos
4%
Troupe d'élite
4%
Une femme cherche son destin
4%

Distribution des résultats

Percentile par nombre de réponses

% des personnes avec chaque résultat

Votre développement - résultats

Vous n’avez pas pris ce quiz